Представление документа в формате RUSMARC

ПолеНазваниеЗначение
  Тип записи a
  Библиографический уровень m
001 Контрольный номер RU/SLIB/B/208739826
005 Дата корректировки 20201206204052.0
010 Индекс ISBN __
d Цена 4-50
101 Язык документа __
a Язык текста rus
200 Заглавие и сведения об ответственности __
a Заглавие Оперативная ортопедия
f Первые сведения об ответственности Мовшович И. А.
b Общее обозначение материала Текст
210 Выходные данные __
a Место издания М.
c Издательство Медицина
d Дата издания 1983
215 Физическое описание __
a Объем 416 с.
606 Тематические рубрики __
a Основная рубрика Здравоохранение. Медицинские науки
606 Тематические рубрики __
a Основная рубрика Травматология и ортопедия в целом
610 Ключевые слова __
a Ключевые слова ортопедия; опорно-двигательный аппарат; оперативная ортопедия
686 Индексы других классификаций __
a Классификационный индекс 54.582
700 Автор __
a Фамилия Мовшович
b Имя И. А.
4 Код отношения 070
801 Источник записи _0
a Страна RU
b Организация Муниципальное бюджетное учреждение культуры "Централизованная библиотечная система" г. Сургут (Центральная городская библиотека им. А. С. Пушкина)
g Правила каталогизации КиК/Михайлова
801 Источник записи _1
a Страна RU
b Организация Муниципальное бюджетное учреждение культуры "Централизованная библиотечная система" г. Сургут (Центральная городская библиотека им. А. С. Пушкина)
g Правила каталогизации КиК/Михайлова
852 Данные о местонахождении __
j Шифр хранения 54.582
c Каталожный индекс 54.58
i Авторский знак М 74
p Инвентарный номер 26934
901 Тип документа __
t Тип документа m
990 Данные о заказе (DOS) __
j Количество экземпляров (DOS) 1